[Event "Werfen op-A"]
[Site "Werfen"]
[Date "1991.??.??"]
[Round "8"]
[White "Kadishev, Leonid"]
[Black "Hinteregger, Arthur"]
[Result "0-1"]
[WhiteElo "2385"]
[BlackElo "2190"]
[PlyCount "80"]
[EventDate "1991.08.??"]
[EventType "swiss"]
[EventRounds "9"]
[EventCountry "AUT"]
[SourceTitle "TD"]
[Source "ChessBase"]
[SourceDate "1994.03.01"]
[SourceVersion "1"]
[SourceVersionDate "1994.03.01"]
[SourceQuality "1"]

1. d4 e6 2. Nf3 f5 3. h3 Nf6 4. g4 d5 5. Rg1 c5 6. c3 cxd4 7. gxf5 exf5 8. cxd4 Nc6 9. Nc3 Qb6 10. e3 g6 11. Qb3 Qxb3 12. axb3 Be7 13. Bd2 Be6 14. Bg2 Ne4 15. Ke2 Rc8 16. Rgc1 0-0 17. Ne5 Nxe5 18. dxe5 a6 19. Be1 Rfd8 20. Rd1 Rc6 21. Kf1 Kf7 22. Ne2 Rdc8 23. Nd4 R6c7 24. b4 Bd7 25. f3 Ng5 26. Bc3 Rc4 27. Nc2 Rxc3 28. bxc3 Rxc3 29. Rdc1 Bb5+ 30. Kf2 Ne6 31. Bf1 Bxf1 32. Kxf1 f4 33. Ke2 fxe3 34. Nxe3 Nf4+ 35. Kd2 Rd3+ 36. Ke1 Rxe3+ 37. Kf2 Rxe5 38. Rc7 Nd3+ 39. Kf1 Nxb4 40. Rxb7 d4 0-1